000 00454nam a2200145Ia 4500
003 OSt
005 20260119113322.0
008 211028s2013 xx 000 0 und d
040 _cAIMIT LIBRARY
041 _aeng
100 _aNayak, Neeraj J; Shetty, Prathinha
_g1116105
_97046
245 _aCustomer retention analysis: a case study with reference to summer sands report Mangalore /
260 _aMangalore
_bPrathibha Shetty
_c2013
942 _2ddc
_cPRO
999 _c218616
_d218616